000 01300nam a2200301Ia 4500
008 130821s1926 ne gr fre
040 _aCo-BoUCM
_bspa
041 0 0 _afre
100 1 _aRolin, Alb.
245 1 4 _aDes conflicts de lois en matiére de faillite
_cAlb. Rolin
260 _aLeiden (Holanda)
_bA.W. Sijthoff
_c1926
300 _a670 páginas
490 0 _aRecueil des Cours.
_v14.
_aollected Courses of the Hague Academy of International Law
504 _aIncluyebibliografía e índice.
650 0 4 _aConciliación internacional
_911469
650 0 4 _aDerecho internacional privado
_97497
650 0 4 _aDerecho internacional público
_97498
650 0 4 _aDerecho internacional
_912776
700 1 2 _aJèze, Gaston
700 1 2 _aKelsen, Hans
_d1881-1973
700 1 2 _aMandelstam, André Nicolayévitch
710 2 _aAcadémie de Droit International Law.
740 3 2 _aLa conciliation internationale d'après le Pacte et la jurisprudence du Conseil de la Société des Nations / A. Nicolayévitch Mandelstam.
740 4 2 _aLes paiements internationaux / Gaston Jèze.
740 4 2 _aLes rapports de système entre le droit interne et le droit international public / Hans Kelsen.
942 _a8
_e1
_kR
_mR311
_cLIBROREF
_2DEWEY
_h341.02
999 _c45741
_d45741